000 00357nam a22001457a 4500
005 20250613124032.0
008 250613b |||||||| |||| 00| 0 eng d
020 _a0944029303X
050 _aBS647
_b.2 TAT
100 _aTATHAM ERNEST C.
245 _aBIBLE PROPHECY
260 _aUSA
_bEMMAUS BIBLE COLLEGE
_cc1972
300 _avi,126p
942 _2lcc
_cBK
_n0
999 _c6455
_d6455